00579nam a2200193 a 4500001001300000003000900013005001700022008004100039020000900080082001700089100002600106245002400132260004300156300000900199500003500208505009500243650002100338700002600359nice12345678IN_TiNIC20260116011829.0050524s1969 lona grp 000 0 eng  ac3000a954.91bBHU1 aBhuttoo, Zulfikar Ali aMyth of Independenc aLondonbOxford University Press c1969 a185p aincludes index and biblioraphy2 athis book is an outgrowth of public lectures delivered to a mixed audience in spring 1967. aPakistan-History1 aBhuttoo, Zulfikar Ali